Statistics for Western Australian State Electorates

Click here to take the quiz!

General Stats

  • This quiz has been taken 41 times
    (39 since last reset)
  • The average score is 29 of 59

Answers on the Map

Answers color-coded by a green-red scale on the quiz's map according to % correct below.
 

Answer Stats

Answer% Correct
Perth
100%
Cottesloe
93%
Bunbury
86%
Geraldton
86%
Kalgoorlie
86%
South Perth
86%
Albany
79%
Fremantle
79%
Vasse
79%
Central Wheatbelt
71%
Joondalup
71%
Pilbara
71%
Kimberley
64%
Mandurah
64%
Moore
64%
Rockingham
64%
Armadale
57%
Churchlands
57%
Darling Range
57%
Nedlands
57%
Cockburn
50%
Dawesville
50%
Kwinana
50%
North West Central
50%
Roe
50%
Wanneroo
50%
Baldivis
43%
Bicton
43%
Hillarys
43%
Jandakot
43%
Midland
43%
Scarborough
43%
Warren-Blackwood
43%
West Swan
43%
Balcatta
36%
Bassendean
36%
Burns Beach
36%
Butler
36%
Cannington
36%
Carine
36%
Collie-Preston
36%
Kalamunda
36%
Mount Lawley
36%
Murray-Wellington
36%
Southern River
36%
Swan Hills
36%
Victoria Park
36%
Warnbro
36%
Bateman
29%
Mirrabooka
29%
Morley
29%
Riverton
29%
Thornlie
29%
Willagee
29%
Belmont
21%
Forrestfield
21%
Kingsley
21%
Maylands
21%
Landsdale
14%

Score Distribution

Percentile by Number Answered

Percent of People with Each Score

Your Score History

You have not taken this quiz since the last reset